[Event "European Rapid 2015"]
[Site "Minsk BLR"]
[Date "2015.12.20"]
[Round "9.42"]
[White "Smirnov, Valerij"]
[Black "Sivuk, Vitaly"]
[Result "0-1"]
[WhiteTitle "IM"]
[BlackTitle "GM"]
[WhiteElo "2298"]
[BlackElo "2552"]
[WhiteFideId "13500350"]
[BlackFideId "14116502"]
[EventDate "2015.12.19"]

1. d4 Nf6 2. c4 e6 3. Nf3 b6 4. Nc3 Bb4 5. Bg5 Bb7 6. Qc2 h6 7. Bh4 g5 8. Bg3
Ne4 9. Nd2 Bxc3 10. bxc3 Nxg3 11. fxg3 d6 12. e4 Nd7 13. Be2 Qe7 14. O-O O-O-O
15. a4 a5 16. Rab1 h5 17. h3 Rdf8 18. Kh2 h4 19. g4 f5 20. exf5 exf5 21. Rbe1
fxg4 22. Bxg4 Qg7 23. Rxf8+ Rxf8 24. Nf3 Kb8 25. Qd2 Nf6 26. Qxg5 Qxg5 27. Nxg5
Nxg4+ 28. hxg4 Rg8 29. Nf3 Rxg4 30. Re8+ Ka7 31. Re7 Kb8 32. Re8+ Bc8 33. Rh8
Kb7 34. Nxh4 Bd7 35. Rh7 Bxa4 36. Nf5 Bc2 37. Rf7 Bxf5 38. Rxf5 Re4 39. Rb5 c5
40. dxc5 dxc5 41. Rb3 Rxc4 42. Kh3 a4 43. Ra3 b5 44. g4 Kb6 45. g5 Re4 46. c4
Rxc4 47. g6 Re4 48. Rf3 Re8 0-1

[Event "European Rapid 2015"]
[Site "Minsk BLR"]
[Date "2015.12.20"]
[Round "9.43"]
[White "Kulaots, Kaido"]
[Black "Karpov, Vadim"]
[Result "1/2-1/2"]
[WhiteTitle "GM"]
[BlackTitle "IM"]
[WhiteElo "2574"]
[BlackElo "2377"]
[WhiteFideId "4500261"]
[BlackFideId "4155025"]
[EventDate "2015.12.19"]

1. e4 e5 2. Nf3 Nc6 3. Bb5 a6 4. Ba4 Nf6 5. O-O Be7 6. d3 d6 7. c3 Bg4 8. Nbd2
Nd7 9. Bc2 O-O 10. Nc4 Bxf3 11. Qxf3 Bg5 12. Ne3 Nc5 13. g3 Ne6 14. Qg4 g6 15.
Bb3 Nc5 16. Bc2 Ne6 17. b4 a5 18. b5 Nb8 19. Bb3 Nc5 20. Bc4 Nbd7 21. f4 exf4
22. gxf4 Bf6 23. d4 Nxe4 24. f5 Nb6 25. fxg6 Nxc4 26. g7 Re8 27. Nf5 Bg5 28. Qh5
Bxc1 29. Nh6+ Kxg7 30. Rxf7+ Kh8 31. Rxh7+ Kxh7 32. Nf5+ 1/2-1/2

[Event "European Rapid 2015"]
[Site "Minsk BLR"]
[Date "2015.12.20"]
[Round "9.44"]
[White "Sharafiev, Azat"]
[Black "Reprintsev, Alexander"]
[Result "1-0"]
[WhiteTitle "IM"]
[BlackTitle "IM"]
[WhiteElo "2420"]
[BlackElo "2321"]
[WhiteFideId "4186214"]
[BlackFideId "14100541"]
[EventDate "2015.12.19"]

1. d4 d5 2. Nf3 Bf5 3. Nh4 Bd7 4. g3 c5 5. dxc5 e6 6. Bg2 Bxc5 7. c4 Nf6 8. O-O
O-O 9. Nc3 Bc6 10. cxd5 Nxd5 11. Nxd5 Bxd5 12. Bxd5 exd5 13. Nf5 Nc6 14. Qc2 Qb6
15. Qd2 Bd4 16. Nxd4 Nxd4 17. Rd1 Ne6 18. b3 Rfd8 19. Bb2 Rac8 20. Rac1 Rxc1 21.
Rxc1 d4 22. Rc4 h6 23. Qb4 Qa6 24. a4 Rd7 25. h4 Qd6 26. Qxd6 Rxd6 27. Kf1 f6
28. Ke1 g5 29. hxg5 fxg5 30. Kd2 h5 31. Ba3 Rd7 32. Rc8+ Kf7 33. Kd3 h4 34. gxh4
gxh4 35. Rh8 Nf4+ 36. Ke4 Nxe2 37. Rxh4 Kg6 38. Kd3 Kg5 39. Re4 Nf4+ 40. Kd2 Kf5
41. f3 Ne6 42. Kd3 Nf4+ 43. Kd2 Ne6 44. Rh4 Ng5 45. Kd3 Nxf3 46. Rh5+ Kg4 47.
Rb5 a6 48. Ra5 Ne1+ 49. Kd2 Nf3+ 50. Kd3 Rc7 51. Bb2 Rd7 52. Rc5 b6 53. Rc8 Ne5+
54. Ke4 d3 55. Bc3 Nf7 56. Rg8+ Ng5+ 57. Ke3 Kf5 58. Rf8+ Kg4 59. Rf4+ Kg3 60.
Be1+ Kh2 61. Rh4+ Nh3 62. Bd2 b5 63. axb5 axb5 64. Rh5 Kg3 65. Rxb5 Re7+ 66.
Kxd3 Nf2+ 67. Kc4 Ne4 68. Bb4 Rc7+ 69. Kd4 Kf4 70. Rb8 Rd7+ 71. Kc4 Rc7+ 72. Kb5
Ke5 73. Re8+ Kd5 74. Rd8+ Ke6 75. Rd4 Nf6 76. Kb6 Rc2 77. Kb5 Nd5 78. Bc5 Nc7+
79. Kb6 Nd5+ 80. Kc6 Ne7+ 81. Kb5 Nd5 82. Re4+ Kf5 83. Re1 Nc7+ 84. Kb6 Nd5+ 85.
Kb5 Nc7+ 86. Kb6 Nd5+ 87. Kc6 Nb4+ 88. Kd6 Rd2+ 89. Kc7 Nd3 90. Rf1+ Ke4 91. b4
Rb2 92. Rh1 Kd5 93. Rh4 Rg2 94. Rd4+ 1-0

[Event "European Rapid 2015"]
[Site "Minsk BLR"]
[Date "2015.12.20"]
[Round "9.45"]
[White "Maljush, Andrej"]
[Black "Polivanov, Anatoliy"]
[Result "0-1"]
[BlackTitle "IM"]
[WhiteElo "2285"]
[BlackElo "2426"]
[WhiteFideId "13500724"]
[BlackFideId "14109468"]
[EventDate "2015.12.19"]

1. e4 g6 2. d4 Bg7 3. Nc3 d6 4. Be3 a6 5. Qd2 b5 6. f3 Nd7 7. g4 Bb7 8. O-O-O c5
9. h4 h6 10. Bg2 Rc8 11. h5 g5 12. Qf2 Qa5 13. Kb1 b4 14. Nce2 Ngf6 15. Nc1 cxd4
16. Bxd4 e5 17. Be3 d5 18. Nge2 d4 19. Bxd4 exd4 20. Nxd4 O-O 21. Nf5 Ne5 22.
Ne7+ Kh7 23. Nxc8 Rxc8 24. Bf1 Qc7 25. Nb3 a5 26. Nd4 a4 27. Qd2 a3 28. Be2 axb2
29. Qxb4 Nc6 30. Nxc6 Qxc6 31. c4 Nd7 32. Rd2 Nc5 33. Bd1 Qf6 34. Qa3 Qf4 35.
Rhh2 Rd8 36. Qb4 Nxe4 37. Bc2 f5 0-1

[Event "European Rapid 2015"]
[Site "Minsk BLR"]
[Date "2015.12.20"]
[Round "9.46"]
[White "Ladva, Ottomar"]
[Black "Nikitenko, Mihail"]
[Result "1-0"]
[WhiteTitle "IM"]
[WhiteElo "2401"]
[BlackElo "2396"]
[WhiteFideId "4500024"]
[BlackFideId "13506862"]
[EventDate "2015.12.19"]

1. Nf3 Nf6 2. c4 c6 3. g3 g6 4. Bg2 Bg7 5. O-O O-O 6. d4 d6 7. Nc3 Qa5 8. h3 e5
9. e4 Nbd7 10. Qc2 exd4 11. Nxd4 Qc5 12. Nce2 Re8 13. Rd1 Qe5 14. Bf4 Qe7 15.
Nc3 Nc5 16. Nxc6 bxc6 17. Bxd6 Qe6 18. Bxc5 Qxc4 19. Bd4 c5 20. Bxf6 Bxf6 21. e5
Bf5 22. Qa4 Qxa4 23. Nxa4 Bxe5 24. Bxa8 Rxa8 25. Rac1 Bxh3 26. Rxc5 Bf6 27. b4
Be6 28. Rd2 Be7 29. Rb5 a6 30. Rb7 Bg5 31. f4 Bf6 32. Nc5 Bc4 33. Nd7 Bc3 34.
Rc2 Bd4+ 35. Kh2 Be6 36. Rb8+ Rxb8 37. Nxb8 Kg7 38. Nxa6 Kh6 39. Rd2 Bc3 40. Rd3
Be1 41. b5 Bc4 42. Rd1 Bf2 43. Kg2 Ba7 44. a4 Kh5 45. Kf3 Be6 46. Rh1+ 1-0

[Event "European Rapid 2015"]
[Site "Minsk BLR"]
[Date "2015.12.20"]
[Round "9.47"]
[White "Novitzkij, Dmitrij"]
[Black "Dzhumagaliev, Yan"]
[Result "0-1"]
[WhiteTitle "IM"]
[BlackTitle "FM"]
[WhiteElo "2317"]
[BlackElo "2400"]
[WhiteFideId "13500619"]
[BlackFideId "24100110"]
[EventDate "2015.12.19"]

1. e4 c5 2. Nc3 Nc6 3. g3 h5 4. h3 g6 5. Bg2 Bg7 6. d3 Rb8 7. f4 b5 8. e5 Nh6 9.
Ne4 Nf5 10. Ne2 Qb6 11. N2c3 Bb7 12. Nd5 Qd8 13. O-O Ncd4 14. c4 d6 15. exd6
exd6 16. Kh2 O-O 17. Rb1 Ba6 18. cxb5 Bxb5 19. b4 Bc6 20. Nec3 cxb4 21. Rxb4
Rxb4 22. Nxb4 Bxg2 23. Kxg2 Nxg3 24. Kxg3 Nf5+ 25. Kh2 Bxc3 26. Qb3 Bd4 27. Qd5
Qh4 28. Qf3 Re8 29. Nc2 Ng3 30. Re1 Rxe1 31. Nxe1 Nf5 32. Nc2 Bg7 33. Be3 a5 34.
Bf2 Qd8 35. Qd5 Bh6 36. Qf3 Qf6 37. d4 d5 38. Qxd5 Bxf4+ 39. Kg2 Qg5+ 40. Kf1
Ng3+ 0-1

[Event "European Rapid 2015"]
[Site "Minsk BLR"]
[Date "2015.12.20"]
[Round "9.48"]
[White "Ivanov, Alexander Al."]
[Black "Naboka, Sergey"]
[Result "1-0"]
[WhiteTitle "GM"]
[BlackTitle "FM"]
[WhiteElo "2397"]
[BlackElo "2266"]
[WhiteFideId "4126360"]
[BlackFideId "14123452"]
[EventDate "2015.12.19"]

1. e4 c5 2. Nf3 Nc6 3. Bb5 d6 4. O-O Bd7 5. Re1 e6 6. c3 a6 7. Bf1 Nf6 8. d4 d5
9. exd5 Nxd5 10. c4 Nf6 11. d5 Nd4 12. Nxd4 cxd4 13. Qxd4 Qc7 14. Bf4 Qc5 15.
Qd3 Qb6 16. Nc3 Bc5 17. Qc2 O-O 18. dxe6 Bxe6 19. Na4 Qc6 20. Nxc5 Qxc5 21. Rad1
Rfd8 22. a3 a5 23. Qb3 h6 24. Qxb7 Rdc8 25. Qb5 Qxb5 26. cxb5 Nd5 27. Be5 a4 28.
Rc1 Nb6 29. Bd4 Nd5 30. Rc6 Rab8 31. Rec1 Rd8 32. Be5 Rb7 33. h3 g6 34. Be2 Kh7
35. Bf1 Re8 36. Bd4 Rd8 37. Ra6 Nf4 38. Rxa4 Rdd7 39. Rb4 Bf5 40. b6 Nd5 41. Rb5
Nf4 42. Be3 Nd5 43. Bc5 Nf6 44. a4 Rd2 45. Be3 Rd5 46. a5 Bd7 47. Rb4 Rxa5 48.
Rc7 Rb8 49. Rf4 Nd5 50. Rxf7+ Kg8 51. Rfxd7 Nxc7 52. bxc7 Re8 53. Rd8 Ra8 54.
Rxe8+ Rxe8 55. Ba6 1-0

[Event "European Rapid 2015"]
[Site "Minsk BLR"]
[Date "2015.12.20"]
[Round "9.49"]
[White "Pankov, German"]
[Black "Savitski, Andrei"]
[Result "1-0"]
[WhiteTitle "IM"]
[WhiteElo "2404"]
[BlackElo "2149"]
[WhiteFideId "4174569"]
[BlackFideId "13506161"]
[EventDate "2015.12.19"]

1. d4 d5 2. Nf3 c6 3. c4 Nf6 4. e3 Bg4 5. Qb3 Bxf3 6. gxf3 Qb6 7. Nc3 e6 8. e4
Qxb3 9. axb3 Bb4 10. Bd3 e5 11. dxe5 Nfd7 12. cxd5 cxd5 13. Ke2 Bxc3 14. bxc3
Nxe5 15. Bb5+ Ned7 16. exd5 O-O 17. Be3 Nf6 18. Rhd1 a6 19. c4 Rd8 20. Bg5 b6
21. Be3 Nfd7 22. Bc6 Ra7 23. b4 Rc7 24. b5 a5 25. Rac1 Rcc8 26. Bb7 Rc7 27. Bc6
Ra7 28. d6 a4 29. Ra1 a3 30. Rd3 Ra4 31. Bd5 a2 32. Rd2 Nc5 33. Bxc5 bxc5 34.
Raxa2 Rxa2 35. Rxa2 Rxd6 36. Ra7 Rd7 37. b6 Kf8 38. Rc7 Ke7 39. Rxc5 Kd6 40. Ra5
Re7+ 41. Kd3 Nd7 42. Kd4 Re2 43. c5+ Nxc5 44. Rxc5 Rd2+ 45. Ke4 1-0

[Event "European Rapid 2015"]
[Site "Minsk BLR"]
[Date "2015.12.20"]
[Round "10.1"]
[White "Smirin, Ilia"]
[Black "Petrosian, Tigran L."]
[Result "1-0"]
[WhiteTitle "GM"]
[BlackTitle "GM"]
[WhiteElo "2658"]
[BlackElo "2625"]
[WhiteFideId "2801990"]
[BlackFideId "13301616"]
[EventDate "2015.12.19"]

1. e4 d6 2. d4 g6 3. c4 Bg7 4. Nc3 Nf6 5. Be2 O-O 6. Bg5 Nc6 7. Nf3 Bg4 8. d5
Bxf3 9. Bxf3 Ne5 10. Be2 c6 11. O-O Rc8 12. Qb3 Qc7 13. Rac1 a6 14. Be3 Ned7 15.
f3 cxd5 16. cxd5 Qb8 17. a4 Rc7 18. Kh1 Rfc8 19. a5 Nc5 20. Qa3 Nfd7 21. Rfd1 h5
22. Bf1 Ne5 23. Ne2 Ncd7 24. b3 Rxc1 25. Rxc1 Rxc1 26. Qxc1 Qd8 27. b4 Nd3 28.
Qd2 N3e5 29. Qc2 Kh7 30. h3 Nf6 31. Bb6 Qb8 32. Bf2 Ned7 33. Nd4 Ne8 34. f4 Qc7
35. Qd2 Nef6 36. Bd3 Kg8 37. Nf3 Nh7 38. Bh4 Kf8 39. f5 Qc3 40. fxg6 Qxd2 41.
Nxd2 fxg6 42. Nc4 Bc3 43. e5 Nxe5 44. Nxe5 Bxe5 45. Bxg6 Nf6 46. Be1 Kg7 47. Bf5
Nxd5 48. Bc8 Nc7 49. Bxb7 Bd4 50. Bh4 Bc3 51. Bf2 Bxb4 52. Bb6 Ne6 53. Bxa6 Bc5
54. Bxc5 dxc5 55. Be2 h4 56. a6 Nc7 57. a7 Kf6 58. Kg1 Ke5 59. Kf2 Kd4 60. Bf3
c4 61. Ke2 e5 62. a8=Q Nxa8 63. Bxa8 c3 64. Bc6 e4 65. Ba4 1-0

[Event "European Rapid 2015"]
[Site "Minsk BLR"]
[Date "2015.12.20"]
[Round "10.6"]
[White "Melkumyan, Hrant"]
[Black "Alekseev, Evgeny"]
[Result "1-0"]
[WhiteTitle "GM"]
[BlackTitle "GM"]
[WhiteElo "2654"]
[BlackElo "2642"]
[WhiteFideId "13302485"]
[BlackFideId "4138147"]
[EventDate "2015.12.19"]

1. c4 c5 2. Nf3 Nc6 3. Nc3 Nf6 4. g3 g6 5. Bg2 Bg7 6. d4 cxd4 7. Nxd4 O-O 8. O-O
Qb6 9. Nc2 d6 10. Ne3 Qc5 11. Ncd5 Nxd5 12. cxd5 Nd4 13. Re1 Qb5 14. Rb1 Bd7 15.
Bd2 Rfc8 16. Bc3 Qb6 17. Qd2 Nf5 18. Nxf5 Bxf5 19. e4 Bd7 20. e5 Bf5 21. Be4
Bxe4 22. Rxe4 dxe5 23. Bxe5 Bxe5 24. Rxe5 Qd6 25. Rbe1 Rc7 26. h4 Rd8 27. Qe3 a6
28. h5 Rdd7 29. h6 Qf6 30. Qd4 Kf8 31. Rxe7 1-0

[Event "European Rapid 2015"]
[Site "Minsk BLR"]
[Date "2015.12.20"]
[Round "10.12"]
[White "Mamedov, Rauf"]
[Black "Andriasian, Zaven"]
[Result "1/2-1/2"]
[WhiteTitle "GM"]
[BlackTitle "GM"]
[WhiteElo "2650"]
[BlackElo "2594"]
[WhiteFideId "13401653"]
[BlackFideId "13302000"]
[EventDate "2015.12.19"]

1. c4 e5 2. Nc3 Nc6 3. g3 Bb4 4. Bg2 Nf6 5. Nf3 Bxc3 6. dxc3 d6 7. O-O O-O 8. b3
h6 9. e4 Nxe4 10. Nxe5 Nxe5 11. Bxe4 Re8 12. Bg2 Bg4 13. f3 Bd7 14. f4 Nc6 15.
Ba3 Qf6 16. Qd2 Rad8 17. Rae1 b6 18. Rxe8+ Rxe8 19. c5 bxc5 20. Bxc5 a5 21. Bf2
Qf5 22. h3 a4 23. b4 Qb5 24. Re1 Rxe1+ 25. Qxe1 Qc4 26. Qd2 Ne7 27. Bf1 Qe6 28.
b5 Bc8 29. c4 Bb7 30. Qe1 Qd7 31. Qe3 Nc8 32. g4 Nb6 33. f5 Qd8 34. Bd3 Nd7 35.
Bg3 Kf8 36. Qd4 Qe8 37. Bf1 Kg8 38. Bf4 Nc5 39. Qe3 Qd8 40. Qd4 Qe8 41. Qe3 Qd8
42. Qd4 Qe8 1/2-1/2

[Event "European Rapid 2015"]
[Site "Minsk BLR"]
[Date "2015.12.20"]
[Round "10.14"]
[White "Potapov, Pavel"]
[Black "Ragger, Markus"]
[Result "0-1"]
[WhiteTitle "IM"]
[BlackTitle "GM"]
[WhiteElo "2476"]
[BlackElo "2687"]
[WhiteFideId "4169786"]
[BlackFideId "1610856"]
[EventDate "2015.12.19"]

1. e4 e5 2. Nf3 Nc6 3. Nc3 Nf6 4. d4 Bb4 5. Nxe5 O-O 6. Nxc6 dxc6 7. Bg5 Re8 8.
e5 c5 9. Bb5 c6 10. O-O cxb5 11. exf6 cxd4 12. Ne2 Bc5 13. Nf4 Bf5 14. Nd3 gxf6
15. Bh4 Bf8 16. Qf3 Be4 17. Qg3+ Bg7 18. Rfe1 Qb6 19. Nf4 Qd6 20. Re2 Bg6 21.
Rae1 Rxe2 22. Rxe2 Qd7 23. Nd3 Rc8 24. h3 b6 25. Qf4 Rc6 26. Qb8+ Rc8 27. Qf4 f5
28. Re7 Qc6 29. Ne5 Qxc2 30. Qxd4 Qc5 31. Qf4 f6 32. Nxg6 hxg6 33. Rxa7 Qc1+ 34.
Qxc1 Rxc1+ 35. Kh2 g5 36. Bg3 f4 37. Bxf4 gxf4 38. Rb7 Rc2 39. Rxb6 Rxb2 40. a4
b4 41. a5 Bf8 42. a6 Kf7 43. h4 Rxf2 44. h5 Ra2 45. Kh3 Kg7 46. g4 fxg3 47. Kxg3
Bc5 48. Rc6 Bd4 49. Kg4 b3 50. Kf5 b2 51. Rc7+ Kh6 0-1

[Event "European Rapid 2015"]
[Site "Minsk BLR"]
[Date "2015.12.20"]
[Round "10.15"]
[White "Grachev, Boris"]
[Black "Fedorov, Alexei"]
[Result "0-1"]
[WhiteTitle "GM"]
[BlackTitle "GM"]
[WhiteElo "2652"]
[BlackElo "2563"]
[WhiteFideId "4129199"]
[BlackFideId "13500465"]
[EventDate "2015.12.19"]

1. d4 Nf6 2. Nf3 g6 3. Bf4 Bg7 4. e3 d6 5. h3 O-O 6. Be2 Qe8 7. O-O Nfd7 8. c4
e5 9. Bh2 Nc6 10. Nc3 exd4 11. exd4 Nf6 12. c5 dxc5 13. d5 Nb4 14. Bxc7 Ne4 15.
Nxe4 Qxe4 16. d6 Bd7 17. Nd2 Qh4 18. Bf3 Bxb2 19. Rb1 Bg7 20. Bxb7 Rae8 21. Nf3
Qc4 22. a3 Nd3 23. Qd2 Nf4 24. Kh1 Re2 25. Ba6 Qxa6 26. Qxf4 c4 27. Rbe1 c3 28.
Rxe2 Qxe2 29. Kg1 c2 30. Re1 Qd1 31. Ba5 Re8 32. Bd2 0-1

[Event "European Rapid 2015"]
[Site "Minsk BLR"]
[Date "2015.12.20"]
[Round "10.16"]
[White "Milov, Vadim"]
[Black "Rakhmanov, Aleksandr"]
[Result "0-1"]
[WhiteTitle "GM"]
[BlackTitle "GM"]
[WhiteElo "2615"]
[BlackElo "2640"]
[WhiteFideId "1304364"]
[BlackFideId "4173708"]
[EventDate "2015.12.19"]

1. d4 Nf6 2. c4 d6 3. Nc3 e5 4. Nf3 e4 5. Ng5 Qe7 6. f3 exf3 7. gxf3 g6 8. e4
Bg7 9. Be3 Nh5 10. Kd2 c5 11. d5 Bh6 12. h4 f6 13. Nh3 Bxe3+ 14. Kxe3 f5 15. Kd2
f4 16. Nf2 Nd7 17. Nd3 Ne5 18. Nxe5 Qxe5 19. Kc2 a6 20. a4 Ng3 21. Rh2 Nxf1 22.
Qxf1 Kf7 23. Qd3 Bd7 24. a5 Rab8 25. Ne2 b5 26. Qc3 bxc4 27. Qxe5 dxe5 28. Nc3
h6 29. d6 Bc6 30. Rd1 Rhd8 31. Rhd2 Rd7 32. Kb1 Rbd8 33. Kc1 Ke6 34. Kc2 Rxd6
35. Rxd6+ Rxd6 36. Rg1 Kf6 0-1

[Event "European Rapid 2015"]
[Site "Minsk BLR"]
[Date "2015.12.20"]
[Round "10.17"]
[White "Shevchenko, Kirill"]
[Black "Zvjaginsev, Vadim"]
[Result "1/2-1/2"]
[WhiteTitle "FM"]
[BlackTitle "GM"]
[WhiteElo "2373"]
[BlackElo "2662"]
[WhiteFideId "14129574"]
[BlackFideId "4113403"]
[EventDate "2015.12.19"]

1. e4 c5 2. Nf3 g6 3. d4 cxd4 4. Nxd4 Nc6 5. Nc3 Bg7 6. Be3 Nf6 7. Bc4 O-O 8.
Bb3 Re8 9. Nxc6 dxc6 10. Qxd8 Rxd8 11. O-O b6 12. h3 Ba6 13. Rfd1 Nd7 14. f4
Bxc3 15. bxc3 Nf6 16. Bd4 Kf8 17. Bxf6 exf6 18. Kf2 Bb7 19. Ke3 Ke7 20. g3 h5
21. h4 Rxd1 22. Rxd1 Bc8 23. a3 Be6 24. Rd2 Rg8 25. Rh2 c5 26. Bxe6 fxe6 27. c4
Rb8 28. c3 Rd8 29. Rd2 Rxd2 30. Kxd2 e5 31. fxe5 fxe5 32. a4 Kd6 33. Kc2 Kc6 34.
Kb3 Kb7 35. Ka3 Ka6 36. Kb3 Ka5 37. Ka3 Ka6 1/2-1/2

[Event "European Rapid 2015"]
[Site "Minsk BLR"]
[Date "2015.12.20"]
[Round "10.18"]
[White "Huzman, Alexander"]
[Black "Grishchenko, Sergey1"]
[Result "1-0"]
[WhiteTitle "GM"]
[BlackTitle "IM"]
[WhiteElo "2581"]
[BlackElo "2442"]
[WhiteFideId "2803828"]
[BlackFideId "4136730"]
[EventDate "2015.12.19"]

1. d4 d5 2. c4 e6 3. Nf3 c5 4. cxd5 exd5 5. Nc3 Nc6 6. dxc5 d4 7. Na4 Bf5 8. Bd2
b5 9. cxb6 axb6 10. Qb3 Bd7 11. e4 Na5 12. Bxa5 bxa5 13. Bc4 Rb8 14. Bxf7+ Ke7
15. Bxg8 Rxb3 16. Bxb3 Bb5 17. O-O-O Be2 18. Rxd4 Qc7+ 19. Nc3 Bxf3 20. gxf3 Ke8
21. Ba4+ Ke7 22. Rd7+ Qxd7 23. Bxd7 Kxd7 24. Rd1+ Kc7 25. Nd5+ Kc6 26. f4 Bc5
27. f3 Rf8 28. Kc2 Bd6 29. f5 g6 30. fxg6 hxg6 31. f4 Rh8 32. Rd2 Rh4 33. e5 Bc5
34. e6 Rh8 35. Kc3 Re8 36. e7 Bxe7 37. Nxe7+ Rxe7 38. Rg2 Re6 39. a4 Kd7 40. Rg5
Re4 41. b3 Rxf4 42. Rxa5 Ke6 43. Rg5 Kf6 44. Rg2 g5 45. a5 1-0

[Event "European Rapid 2015"]
[Site "Minsk BLR"]
[Date "2015.12.20"]
[Round "10.19"]
[White "Azarov, Sergei"]
[Black "Balashov, Yuri S"]
[Result "1/2-1/2"]
[WhiteTitle "GM"]
[BlackTitle "GM"]
[WhiteElo "2595"]
[BlackElo "2408"]
[WhiteFideId "13501470"]
[BlackFideId "4100263"]
[EventDate "2015.12.19"]

1. e4 e5 2. Nf3 Nc6 3. Bb5 a6 4. Ba4 Nf6 5. O-O Be7 6. Re1 b5 7. Bb3 d6 8. c3
O-O 9. h3 Nb8 10. d4 Nbd7 11. Nbd2 c5 12. Nf1 Re8 13. Ng3 Bf8 14. a4 Rb8 15. Be3
h6 16. d5 c4 17. Bc2 Nc5 18. Bxc5 dxc5 19. Qc1 g6 20. Qe3 Kg7 21. Ra2 Bd6 22.
Rea1 Nh7 23. Bd1 Qf6 24. Nh2 Qf4 25. Bg4 Qxe3 26. fxe3 Nf6 27. Bxc8 Rexc8 28.
Nf3 Nd7 29. axb5 axb5 30. Ra6 Bc7 31. Rc6 Rb6 32. Ra7 Rxc6 33. dxc6 Nf8 34. Rb7
b4 35. Nd2 bxc3 36. bxc3 Ne6 37. Nxc4 Ra8 38. Nf5+ Kf8 39. Nfd6 Ra6 40. Kf2 f6
41. Ke2 Rxc6 42. Nb5 Ke8 43. Ra7 Kd7 44. Ra8 Nd8 45. h4 h5 46. Kf3 Ne6 47. g4
hxg4+ 48. Kxg4 Bd8 49. h5 gxh5+ 50. Kxh5 Ng5 51. Nd2 Rb6 52. c4 Rb7 53. Kg4 Be7
54. Kf5 Nf7 55. Nb1 Nh6+ 56. Kg6 Ng4 57. Kf7 Nxe3 58. Nd2 1/2-1/2

[Event "European Rapid 2015"]
[Site "Minsk BLR"]
[Date "2015.12.20"]
[Round "10.20"]
[White "Putka, Verners"]
[Black "Landa, Konstantin"]
[Result "0-1"]
[BlackTitle "GM"]
[WhiteElo "2307"]
[BlackElo "2625"]
[WhiteFideId "11600659"]
[BlackFideId "4101685"]
[EventDate "2015.12.19"]

1. d4 d5 2. Nc3 c6 3. Bf4 Bf5 4. e3 e6 5. Bd3 Nf6 6. Nge2 Nbd7 7. Bxf5 exf5 8.
Qd3 g6 9. O-O Bg7 10. a4 O-O 11. a5 Re8 12. h3 Nf8 13. Ra3 Ne6 14. Bg3 Qd7 15.
Rfa1 Rac8 16. b4 a6 17. Na4 Rcd8 18. Nc5 Qe7 19. Bh4 h6 20. Bxf6 Bxf6 21. Rb1
Ng5 22. c4 Ne4 23. Ra2 dxc4 24. Qxc4 Nxf2 25. Kxf2 Qxe3+ 26. Kf1 Bxd4 27. Nxd4
Rxd4 0-1

[Event "European Rapid 2015"]
[Site "Minsk BLR"]
[Date "2015.12.20"]
[Round "10.21"]
[White "Ladva, Ottomar"]
[Black "Savchenko, Boris"]
[Result "0-1"]
[WhiteTitle "IM"]
[BlackTitle "GM"]
[WhiteElo "2401"]
[BlackElo "2612"]
[WhiteFideId "4500024"]
[BlackFideId "4147332"]
[EventDate "2015.12.19"]

1. d4 e6 2. c4 Nf6 3. Nf3 c5 4. d5 b5 5. Bg5 b4 6. e4 d6 7. Bd3 Be7 8. O-O e5 9.
a3 a5 10. axb4 cxb4 11. c5 dxc5 12. Nxe5 O-O 13. f4 h6 14. Bxf6 Bxf6 15. Nd2
Bxe5 16. fxe5 Nd7 17. Qh5 Qe7 18. Nc4 Ba6 19. e6 fxe6 20. d6 Rxf1+ 21. Rxf1 Qe8
22. Qxe8+ Rxe8 23. Ra1 Bxc4 24. Bxc4 Ne5 25. d7 Nxd7 26. Rxa5 Kf7 27. Kf2 Kf6
28. Ke3 Ke5 29. Bb5 Nb6 30. b3 Ra8 31. Ba6 Kd6 32. Kf4 c4 33. bxc4 g5+ 34. Kg4
Nxc4 35. Ra4 Ne3+ 36. Kh5 b3 37. Kxh6 g4 38. Kg5 b2 39. Rb4 Rxa6 40. Rxb2 Ke5
41. Rb5+ Kxe4 42. Rb4+ Kd3 43. h4 gxh3 44. gxh3 e5 45. h4 e4 46. h5 Ra5+ 47. Kg6
Nd5 48. Rb3+ Kc4 0-1

[Event "European Rapid 2015"]
[Site "Minsk BLR"]
[Date "2015.12.20"]
[Round "10.22"]
[White "Dzhumagaliev, Yan"]
[Black "Roiz, Michael"]
[Result "1-0"]
[WhiteTitle "FM"]
[BlackTitle "GM"]
[WhiteElo "2400"]
[BlackElo "2594"]
[WhiteFideId "24100110"]
[BlackFideId "2804158"]
[EventDate "2015.12.19"]

1. d4 Nf6 2. c4 g6 3. g3 d5 4. Nf3 dxc4 5. Bg2 Bg7 6. Qa4+ c6 7. Qxc4 O-O 8. O-O
Bf5 9. Nc3 Nbd7 10. Qb3 Qb6 11. Qa3 Rfe8 12. Re1 e5 13. e4 Be6 14. Na4 Qc7 15.
dxe5 Nxe5 16. Bf4 Nxf3+ 17. Bxf3 Qa5 18. Bd6 Nd7 19. Bb4 Qa6 20. Be2 b5 21. Nc3
Qb7 22. Ba5 a6 23. Qd6 Nb6 24. b3 Rad8 25. Qc5 Bd4 26. Qg5 Rd7 27. Rad1 c5 28.
Bf3 Rde7 29. Ne2 Bg7 30. Qxc5 Nd7 31. Qe3 Ne5 32. Bg2 Rd7 33. h3 Nc6 34. Bc3
Bxc3 35. Nxc3 Qc7 36. Rxd7 Qxd7 37. Rd1 Qc8 38. Kh2 Nb4 39. Qd4 Nc2 40. Qd2 Nb4
41. Nxb5 axb5 42. Qxb4 Bd7 43. e5 Re6 44. Qd4 Be8 45. Bd5 Re7 46. a4 bxa4 47.
bxa4 Qc2 48. a5 Rd7 49. Rd2 Qc1 50. e6 Re7 51. exf7+ Bxf7 52. Bxf7+ Rxf7 53. a6
Qa3 54. Qd8+ Kg7 55. Qd4+ Kg8 56. Qb6 Kg7 57. Qb2+ 1-0

[Event "European Rapid 2015"]
[Site "Minsk BLR"]
[Date "2015.12.20"]
[Round "10.23"]
[White "Ivanov, Alexander Al."]
[Black "Stupak, Kirill"]
[Result "1-0"]
[WhiteTitle "GM"]
[BlackTitle "GM"]
[WhiteElo "2397"]
[BlackElo "2542"]
[WhiteFideId "4126360"]
[BlackFideId "13503758"]
[EventDate "2015.12.19"]

1. e4 e6 2. d3 d5 3. Qe2 Nf6 4. Nf3 Be7 5. g3 b6 6. Bg2 dxe4 7. dxe4 Ba6 8. c4
Nc6 9. e5 Nd7 10. O-O Qc8 11. Nc3 h6 12. Nb5 Bb7 13. Rd1 a6 14. Nbd4 Nxd4 15.
Nxd4 Bxg2 16. Kxg2 c5 17. Nf3 Qc6 18. Re1 O-O-O 19. Qe4 Nb8 20. b3 Qxe4 21. Rxe4
Rd7 22. Bd2 Rhd8 23. Bc3 Nc6 24. h4 b5 25. cxb5 axb5 26. Rc1 Kb7 27. Rc2 Kb6 28.
h5 g5 29. Bd2 Ra8 30. Bc3 Rd3 31. Nh2 b4 32. Bd2 Rd7 33. Ng4 Bf8 34. Be3 Kb5 35.
Rec4 Nd4 36. Bxd4 Rxd4 37. Rxd4 cxd4 38. Kf3 Rd8 39. Ke4 Bg7 40. f4 gxf4 41.
gxf4 Bf8 42. Nf2 Be7 43. Rc7 Bc5 44. Nd3 Bb6 45. Rxf7 Rg8 46. Kf3 Rg1 47. f5
exf5 48. e6 Kc6 49. Rf6 Rg8 50. e7+ 1-0